000 00641cam a2200169 i 4500
020 _a0309026652
082 0 0 _a380.5/08 s
_a388.4
_bNAT
_cD
110 2 _aNational Research Council (U.S.).
_920017
245 1 0 _aTransportation planning techniques for small communities /
_cTransportation Research Board, Commission on Sociotechnical Systems, National Research Council.
260 _aWashington :
_bNational Academy of Sciences,
_c1977.
300 _aiii, 54 p. ;
_c28 cm.
526 _a0
_b0
_c0
_d380_508000000000000_S_NAT
650 0 _aLocal transit.
650 0 _aNUST
_96342
650 0 _aTransportation
_xPlanning.
_919652
942 _2ddc
_cBK
999 _c543388
_d543388